[Event "ICS rated blitz match"]
[Site "204.178.125.65"]
[Date "2000.07.17"]
[Round "?"]
[White "Hossa"]
[Black "Amateur"]
[Result "0-1"]
[WhiteElo "2495"]
[BlackElo "2563"]
[PlyCount "170"]
[EventDate "2000.??.??"]

1. e4 e5 2. Nf3 Nc6 3. Bb5 a6 4. Bxc6 dxc6 5. d4 Bg4 6. c3 Bxf3 7. gxf3 exd4 8.
cxd4 Bb4+ 9. Nc3 Ne7 10. Be3 Ng6 11. Qb3 Bxc3+ 12. bxc3 Rb8 13. O-O-O Qf6 14.
c4 Qxf3 15. Bg5 Qh5 16. h4 O-O 17. Rdg1 f6 18. c5+ Kh8 19. Bd2 Rfd8 20. Qc3 Rd7
21. Rg3 Rbd8 22. Be3 Re8 23. Qc2 Rdd8 24. f4 b5 25. f5 Ne7 26. Kb1 Ng8 27. Qg2
Re7 28. Rg1 Rdd7 29. Rg4 Nh6 30. Bxh6 Qxh6 31. Qf2 Re8 32. R1g3 b4 33. Rg1 a5
34. Kb2 a4 35. Rd1 Rde7 36. Qc2 a3+ 37. Kb3 Qh5 38. Rf4 Rxe4 39. Rxe4 Qf3+ 40.
Qd3 Qxe4 41. Kxb4 Qf4 42. h5 Qf2 43. Rd2 Qe1 44. Ka4 Ra8+ 45. Kb3 Qh1 46. Re2
Qxh5 47. Qe4 h6 48. Kb4 Kh7 49. Kc4 Ra4+ 50. Kc3 Qh3+ 51. Qd3 Qf1 52. Rd2 Qe1
53. Qc2 Ra7 54. Qb3 Qe3+ 55. Kc2 Qf4 56. Qh3 Rb7 57. Kc3 Rb1 58. Qd3 Rf1 59.
Kc4 Rf3 60. Qc2 h5 61. Rd1 Rf2 62. Qd3 Rxa2 63. Rh1 h4 64. Qh3 Kg8 65. Qxh4
Rc2+ 66. Kb3 Qxf5 67. Kb4 a2 68. Qh8+ Kf7 69. Qd8 Rb2+ 70. Ka5 Qh3 71. Qxc7+
Kg6 72. Rg1+ Kh5 73. Qf7+ Kh4 74. Ka4 Qg2 75. Qb3 Qxg1 76. Qxb2 a1=Q+ 77. Qxa1
Qxa1+ 78. Kb3 Qxd4 79. Kc2 f5 80. Kb3 f4 81. Kc2 f3 82. Kb3 f2 83. Kc2 f1=Q 84.
Kb3 Qfd1+ 85. Ka3 Q1a4# {Hossa checkmated} 0-1

[Event "ICS rated blitz match"]
[Site "204.178.125.65"]
[Date "2000.07.18"]
[Round "?"]
[White "Hossa"]
[Black "QueenMaxima"]
[Result "1-0"]
[WhiteElo "2482"]
[BlackElo "2437"]
[PlyCount "239"]
[EventDate "2000.??.??"]

1. e4 c5 2. Nf3 e6 3. d4 cxd4 4. Nxd4 Nc6 5. Nb5 d6 6. Bf4 e5 7. Be3 Nf6 8. Bg5
Be6 9. Nd2 a6 10. Nc3 Be7 11. Nc4 Nd4 12. Bd3 Rc8 13. Ne3 h6 14. Bxf6 Bxf6 15.
Ncd5 Bh4 16. c3 Nc6 17. O-O O-O 18. Qf3 Re8 19. Rfd1 Ne7 20. Be2 Nxd5 21. Nxd5
Rc5 22. c4 Bxd5 23. Rxd5 Rxd5 24. cxd5 Qb6 25. b3 Rc8 26. Bc4 Qd8 27. Bd3 Bg5
28. Qd1 Rc3 29. Bc4 Qb6 30. g3 Qc5 31. a4 a5 32. Kf1 Bd8 33. Rb1 Kh8 34. Qh5
Rc2 35. Be2 Kg8 36. Kg1 Bb6 37. Rf1 Qb4 38. Qf3 Bd4 39. Qd3 Rc3 40. Qb5 Qxb5
41. Bxb5 Rxb3 42. Bd7 Kf8 43. Kg2 Ke7 44. Bb5 Rb2 45. Bd3 Kf6 46. h4 Rd2 47.
Bb5 Rc2 48. Bd3 Ra2 49. Bb5 Kg6 50. Bd7 h5 51. Bf5+ Kf6 52. Bd7 Ke7 53. Bb5 g6
54. Kg1 f5 55. exf5 gxf5 56. Kg2 e4 57. Kg1 Rd2 58. Bc4 Kf6 59. Bb5 e3 60. fxe3
Bxe3+ 61. Kh1 Rxd5 62. Re1 Bf2 63. Bc4 Rd4 64. Re6+ Kg7 65. Re7+ Kh8 66. Re8+
Kh7 67. Re7+ Kg6 68. Re6+ Kf7 69. Re4+ Rxc4 70. Rxc4 Bxg3 71. Kg2 f4 72. Rc7+
Ke6 73. Kh3 b6 74. Rh7 Kf5 75. Rxh5+ Ke4 76. Kg4 Bf2 77. Rf5 Bxh4 78. Rxf4+ Ke3
79. Rf7 Be1 80. Re7+ Kf2 81. Rb7 Bc3 82. Rxb6 d5 83. Rd6 d4 84. Kf4 Ke2 85. Ke4
Kd2 86. Kd5 Ke2 87. Kc4 Ke3 88. Rf6 Ke4 89. Re6+ Kf5 90. Re2 Kf6 91. Rf2+ Ke5
92. Kd3 Ba1 93. Rf8 Bc3 94. Rf7 Ke6 95. Rf4 Ke5 96. Rh4 Kf5 97. Rh2 Kf4 98. Re2
Kf5 99. Rg2 Ke5 100. Rg5+ Kf4 101. Rb5 Kg3 102. Rf5 Kh3 103. Rg5 Kh4 104. Rg8
Kh5 105. Ke4 Kh6 106. Rg4 Kh5 107. Kf5 Kh6 108. Rg3 Kh7 109. Kf6 Bd2 110. Rg7+
Kh8 111. Kg6 Bb4 112. Ra7 Kg8 113. Ra8+ Bf8 114. Rxa5 d3 115. Rd5 d2 116. Rxd2
Be7 117. Rc2 Bc5 118. Rxc5 Kf8 119. Re5 Kg8 120. Re8# 1-0

[Event "ICS rated blitz match"]
[Site "204.178.125.65"]
[Date "2000.07.18"]
[Round "?"]
[White "QueenMaxima"]
[Black "Hossa"]
[Result "1-0"]
[WhiteElo "2423"]
[BlackElo "2496"]
[PlyCount "223"]
[EventDate "2000.??.??"]

1. d4 Nf6 2. Bf4 c5 3. dxc5 Na6 4. e3 Nxc5 5. Nc3 d6 6. Qd2 g6 7. O-O-O Bg7 8.
Bb5+ Bd7 9. Bxd7+ Qxd7 10. f3 O-O 11. Nge2 b5 12. Bg5 b4 13. Bxf6 Bxf6 14. Nd5
Bg7 15. Nxb4 a5 16. Nd5 Rab8 17. c3 Qb7 18. Kb1 Na4 19. b3 e6 20. Ndf4 Rfc8 21.
Rc1 d5 22. Ka1 Nc5 23. Rb1 Qc7 24. Rhd1 Rb6 25. Nd4 a4 26. b4 Na6 27. Rdc1 Qb7
28. Nd3 e5 29. Ne2 e4 30. Ndf4 Nxb4 31. a3 Nd3 32. Nxd3 exd3 33. Nd4 Bf8 34.
Rxb6 Qxb6 35. Rb1 Qc5 36. Nb5 Re8 37. Qxd3 Rxe3 38. Qd2 Bg7 39. Rc1 Re8 40. Rb1
Rb8 41. Qd3 Qf2 42. Qxd5 Qxg2 43. Qd6 Rf8 44. Qg3 Qd2 45. Qc7 Qc2 46. h4 Re8
47. Qc6 Re3 48. Qc8+ Bf8 49. Qc6 Qf2 50. Nd4 Qxh4 51. Qc8 Rd3 52. Rb8 Qe1+ 53.
Kb2 Rd2+ 54. Nc2 Qe7 55. Kc1 Rf2 56. Qc6 Qe2 57. Qxa4 Rf1+ 58. Kb2 Qd1 59. Ka2
Rxf3 60. Kb2 Rf2 61. Qb3 Re2 62. a4 Rf2 63. a5 Rf1 64. Qb4 Qc1+ 65. Kb3 Qh6 66.
Ka2 Rd1 67. a6 Rd7 68. Qc5 Qg7 69. a7 Rxa7+ 70. Qxa7 Qxc3 71. Kb1 Kg7 72. Qa8
Qc5 73. Rc8 Qb5+ 74. Kc1 Qf1+ 75. Kb2 Qf6+ 76. Kb1 Qd6 77. Qa1+ Kh6 78. Qa5
Qd1+ 79. Ka2 Bd6 80. Qb5 f5 81. Qc4 Kg5 82. Rd8 Qd2 83. Kb3 h5 84. Qc6 Qd3+ 85.
Ka4 Qe4+ 86. Qxe4 fxe4 87. Rxd6 Kf5 88. Ne3+ Kf4 89. Ng2+ Kg5 90. Rc6 Kf5 91.
Nh4+ Kg4 92. Nxg6 e3 93. Rc4+ Kf3 94. Ne5+ Kf2 95. Rf4+ Kg2 96. Rh4 e2 97. Nd3
Kf3 98. Kb4 Ke3 99. Kc3 Kf3 100. Rxh5 Kg4 101. Re5 Kg3 102. Rxe2 Kh3 103. Re7
Kh4 104. Rg7 Kh5 105. Nf4+ Kh4 106. Ne6 Kh5 107. Kd4 Kh4 108. Ke5 Kh3 109. Kf4
Kh2 110. Kf3 Kh1 111. Kf2 Kh2 112. Rh7# {Hossa checkmated} 1-0

[Event "ICS rated blitz match"]
[Site "204.178.125.65"]
[Date "2000.07.18"]
[Round "?"]
[White "Hossa"]
[Black "QueenMaxima"]
[Result "1-0"]
[WhiteElo "2477"]
[BlackElo "2442"]
[PlyCount "135"]
[EventDate "2000.??.??"]

1. e4 c5 2. Nf3 e6 3. d4 cxd4 4. Nxd4 Nc6 5. Nb5 d6 6. Bf4 e5 7. Be3 a6 8. N5c3
Nf6 9. Nd5 Nxd5 10. exd5 Ne7 11. Nc3 Nf5 12. Bd2 Qb6 13. Bd3 Nh4 14. O-O Qxb2
15. Rb1 Qa3 16. f4 Ng6 17. Qe1 Qc5+ 18. Be3 Qc7 19. f5 Ne7 20. Bb6 Qd7 21. Rb4
Ng8 22. Nb5 Rb8 23. Rc4 axb5 24. Rc7 Nf6 25. Rxd7 Bxd7 26. c4 Rc8 27. Qe2 Be7
28. c5 Nxd5 29. cxd6 Bxd6 30. Bd4 Nc3 31. Qe1 Nxa2 32. Bxe5 Rc1 33. Qe3 Bxe5
34. Qxe5+ Kd8 35. Qxg7 Rxf1+ 36. Bxf1 Re8 37. Qb2 Re7 38. Qxa2 Bxf5 39. Qd5+
Bd7 40. Bxb5 Kc7 41. Qc5+ Kd8 42. Qb6+ Kc8 43. Qd6 Kd8 44. g4 h5 45. gxh5 f5
46. Bxd7 Rxd7 47. Qxd7+ Kxd7 48. h6 Kd6 49. h7 Kd5 50. h4 Ke4 51. h5 Kf4 52.
h8=R Kg5 53. Rb8 Kxh5 54. Kf2 Kg4 55. Ke3 Kg5 56. Rxb7 Kf6 57. Kf4 Ke6 58. Rb5
Kd6 59. Kxf5 Kc6 60. Re5 Kd6 61. Kf6 Kc6 62. Ke7 Kb7 63. Kd7 Kb6 64. Rf5 Kb7
65. Rf6 Kb8 66. Kc6 Ka7 67. Rf8 Ka6 68. Ra8# 1-0

[Event "ICS rated blitz match"]
[Site "204.178.125.65"]
[Date "2000.07.18"]
[Round "?"]
[White "QueenMaxima"]
[Black "Hossa"]
[Result "1-0"]
[WhiteElo "2428"]
[BlackElo "2491"]
[PlyCount "71"]
[EventDate "2000.??.??"]

1. d4 Nf6 2. Bf4 g6 3. Nf3 Bg7 4. e3 Nh5 5. Be5 f6 6. Bg3 Nxg3 7. hxg3 f5 8.
Nc3 a5 9. Qd2 a4 10. a3 c6 11. O-O-O b5 12. d5 b4 13. axb4 a3 14. bxa3 Rxa3 15.
Nd4 cxd5 16. Nxd5 Ra1+ 17. Kb2 Rxd1 18. Qxd1 Nc6 19. c3 Nxd4 20. exd4 Kf7 21.
Bb5 e6 22. Ne3 Qc7 23. Qa4 d6 24. Nc4 h6 25. Qa5 Qe7 26. Qb6 Rd8 27. Ra1 Kf6
28. Ra7 Qf8 29. Qc7 Bh8 30. Nb6 d5 31. Qe5+ Kg5 32. f4+ Kg4 33. Qe3 Qxb4+ 34.
Kc1 Qa3+ 35. Rxa3 Bb7 36. Be2# {Hossa checkmated} 1-0

[Event "ICS rated blitz match"]
[Site "204.178.125.65"]
[Date "2000.07.18"]
[Round "?"]
[White "Hossa"]
[Black "byttehnika-ru"]
[Result "1-0"]
[WhiteElo "2472"]
[BlackElo "2418"]
[PlyCount "31"]
[EventDate "2000.??.??"]

1. e4 c6 2. d4 Qa5+ 3. Nc3 d5 4. exd5 cxd5 5. Bd2 Nf6 6. Bb5+ Kd8 7. Nf3 Nc6 8.
Ng5 Be6 9. Bxc6 bxc6 10. Qe2 Qb6 11. Na4 Qxd4 12. Qxe6 Qxa4 13. Nxf7+ Ke8 14.
Nd6+ Kd8 15. b3 Qg4 16. Ba5# 1-0

[Event "ICS rated blitz match"]
[Site "204.178.125.65"]
[Date "2000.07.18"]
[Round "?"]
[White "j724"]
[Black "Hossa"]
[Result "0-1"]
[WhiteElo "2106"]
[BlackElo "2486"]
[PlyCount "33"]
[EventDate "2000.??.??"]

1. d4 Nf6 2. Nf3 e6 3. Bf4 d5 4. e3 Bd6 5. Ne5 O-O 6. Nd2 c5 7. c3 cxd4 8. exd4
Qc7 9. Bd3 Nc6 10. Qe2 Bxe5 11. dxe5 Nd7 12. Nf3 f6 13. exf6 Qxf4 14. Qxe6+ Kh8
15. fxg7+ Kxg7 16. O-O Nde5 17. Nxe5 {j724 resigns} 0-1

[Event "ICS rated blitz match"]
[Site "204.178.125.65"]
[Date "2000.07.18"]
[Round "?"]
[White "Hossa"]
[Black "Tinker"]
[Result "1-0"]
[WhiteElo "2489"]
[BlackElo "2629"]
[PlyCount "137"]
[EventDate "2000.??.??"]

1. e4 d6 2. d4 Nd7 3. Nf3 e5 4. Be2 Ngf6 5. dxe5 dxe5 6. Nbd2 Bc5 7. O-O O-O 8.
c3 a5 9. Qc2 Qe7 10. Nb3 Bb6 11. Ng5 a4 12. Nd2 Bc5 13. Nc4 h6 14. Nf3 b5 15.
Ne3 Bb7 16. Nf5 Qe6 17. Ng3 Ba6 18. Rd1 Ng4 19. Nh1 Rfd8 20. h3 Ngf6 21. b4
axb3 22. axb3 Bb7 23. Rxa8 Rxa8 24. Ng3 Bc6 25. Nh2 Ra1 26. Ng4 Nf8 27. Qb2 Ra8
28. b4 Ba7 29. Qc2 Nxg4 30. Bxg4 Qc4 31. Be2 Qe6 32. Nf5 Bb6 33. c4 bxc4 34.
Bxc4 Qf6 35. b5 Bb7 36. Qd3 Ra1 37. Qf3 Nh7 38. Bb3 Rb1 39. Ba4 Rb4 40. Bc2 Ng5
41. Nxh6+ Qxh6 42. Rd8+ Kh7 43. Qf5+ g6 44. Qxg5 Qxg5 45. Bxg5 Kg7 46. Rb8 Bxe4
47. Be7 Rc4 48. Bxe4 Rxe4 49. g4 Rf4 50. g5 Bxf2+ 51. Kh2 Rf5 52. Rc8 Bb6 53.
Bf8+ Kh7 54. Be7 Rf2+ 55. Kg3 Ra2 56. Bf6 Ra3+ 57. Kg2 Ra2+ 58. Kf3 Rf2+ 59.
Ke4 Rxf6 60. gxf6 Ba5 61. Rf8 g5 62. Kf5 e4 63. Rxf7+ Kh6 64. Rf8 Kh7 65. Kxg5
e3 66. Rf7+ Kg8 67. Kg6 Bb6 68. Rd7 c6 69. Rb7 {Tinker resigns} 1-0

[Event "ICS rated blitz match"]
[Site "204.178.125.65"]
[Date "2000.07.18"]
[Round "?"]
[White "Tinker"]
[Black "Hossa"]
[Result "1/2-1/2"]
[WhiteElo "2607"]
[BlackElo "2511"]
[PlyCount "229"]
[EventDate "2000.??.??"]

1. e4 e5 2. Nf3 Nc6 3. Bb5 a6 4. Bxc6 dxc6 5. O-O f6 6. d4 exd4 7. Nxd4 c5 8.
Nb3 Qxd1 9. Rxd1 Bg4 10. f3 Be6 11. Be3 b6 12. Nc3 Bd6 13. a4 Kf7 14. Nd5 Ne7
15. c4 Be5 16. Rd2 g5 17. a5 Nxd5 18. cxd5 Bd7 19. Rc2 Bb5 20. Kh1 Bd3 21. Rd2
Bc4 22. Nc1 Rab8 23. axb6 Rxb6 24. Rb1 Bd6 25. Rc2 Rb4 26. Ra1 Bb5 27. Bxc5
Bxc5 28. Rxc5 c6 29. dxc6 Rxb2 30. Kg1 Rd8 31. Rd5 Ke7 32. Na2 Bxc6 33. Rxd8
Kxd8 34. Nc3 Bb7 35. Nd5 f5 36. Rd1 fxe4 37. fxe4 Kc8 38. Nf6 Bc6 39. g3 h6 40.
Rc1 Kc7 41. Ng4 Kb7 42. Re1 h5 43. Ne5 Bb5 44. Nf7 Kb6 45. Nxg5 Be2 46. Ne6 Bf3
47. Nd4 Bg4 48. Rc1 Rb4 49. Rc6+ Kb7 50. Rd6 Rb1+ 51. Kf2 Rb2+ 52. Ke3 Rxh2 53.
e5 Rg2 54. e6 Rxg3+ 55. Kf2 h4 56. e7 Bh5 57. Rh6 Be8 58. Rh8 Bd7 59. Nf3 Kb6
60. Ne5 Ba4 61. Rxh4 Rg5 62. Nf3 Rg7 63. Rb4+ Kc5 64. Rxa4 Rxe7 65. Rxa6 Kb5
66. Rf6 Kc4 67. Ng5 Kc3 68. Rd6 Kb4 69. Ne6 Rf7+ 70. Ke3 Kc3 71. Rc6+ Kb3 72.
Kd4 Rd7+ 73. Ke4 Rf7 74. Nc5+ Kc4 75. Nd3+ Kb5 76. Rd6 Re7+ 77. Ne5 Kc5 78.
Rd5+ Kb6 79. Kd4 Rc7 80. Nc4+ Kb7 81. Rd6 Re7 82. Ne5 Rc7 83. Ke4 Rc5 84. Re6
Rc3 85. Rf6 Rc5 86. Rf7+ Rc7 87. Rf3 Re7 88. Kd5 Re8 89. Rg3 Rd8+ 90. Ke4 Rd2
91. Re3 Rf2 92. Kd5 Rd2+ 93. Kc5 Rc2+ 94. Nc4 Kc7 95. Kd5 Kd7 96. Re4 Rc3 97.
Ne5+ Ke7 98. Rf4 Rc2 99. Nc6+ Kd7 100. Rf7+ Ke8 101. Re7+ Kf8 102. Re3 Rd2+
103. Ke6 Rc2 104. Ne7 Rg2 105. Re4 Kg7 106. Nd5 Rg6+ 107. Kf5 Rd6 108. Ke5 Rc6
109. Rf4 Ra6 110. Nc7 Ra5+ 111. Nd5 Ra6 112. Rc4 Kg6 113. Rc5 Ra4 114. Nf6 Kf7
115. Nd5 1/2-1/2

[Event "ICS Rated blitz match"]
[Site "204.178.125.65"]
[Date "2000.07.18"]
[Round "?"]
[White "Hossa"]
[Black "j724"]
[Result "1-0"]
[WhiteElo "2515"]
[BlackElo "2103"]
[PlyCount "22"]
[EventDate "2000.??.??"]

1. e4 d6 2. d4 Nf6 3. Nc3 c6 4. f4 Qa5 5. Bd2 e5 6. Nf3 Bg4 7. dxe5 dxe5 8.
fxe5 Bxf3 9. Qxf3 Qxe5 10. O-O-O Bd6 11. g3 O-O {j724 resigns} 1-0

[Event "ICS rated blitz match"]
[Site "204.178.125.65"]
[Date "2000.07.18"]
[Round "?"]
[White "Kurios"]
[Black "Hossa"]
[Result "1-0"]
[WhiteElo "2778"]
[BlackElo "2518"]
[PlyCount "125"]
[EventDate "2000.??.??"]

1. e4 e5 2. Nf3 Nc6 3. Bb5 a6 4. Ba4 Nf6 5. O-O Be7 6. Re1 b5 7. Bb3 d6 8. c3
O-O 9. h3 Na5 10. Bc2 c5 11. d4 Qc7 12. Nbd2 cxd4 13. cxd4 Nc6 14. Nb3 a5 15.
Bd3 Nb4 16. Bg5 a4 17. Nc1 Nxd3 18. Nxd3 exd4 19. Rc1 Qb7 20. Nxd4 a3 21. b3
Bd7 22. e5 dxe5 23. Nxe5 Bb4 24. Re2 Ra6 25. Nd3 Bd6 26. Bxf6 gxf6 27. Nc5 Bxc5
28. Rxc5 Rc8 29. Rh5 Rd6 30. Qb1 f5 31. Nxf5 Bxf5 32. Qxf5 Rg6 33. Qd5 Qxd5 34.
Rxd5 Rb8 35. b4 Kg7 36. Re3 Rbb6 37. Rxa3 Rge6 38. Rg3+ Kf6 39. Rh5 Ke7 40.
Rxh7 Re4 41. a3 Re1+ 42. Kh2 Ra1 43. h4 Ra2 44. Rf3 Rf6 45. Rxf6 Kxf6 46. Rh5
Rxa3 47. Rxb5 Ke6 48. h5 f6 49. h6 Ra7 50. g4 Rh7 51. f4 Rc7 52. Rb6+ Kf7 53.
g5 fxg5 54. fxg5 Rc2+ 55. Kg3 Ke7 56. h7 Rc8 57. g6 Rh8 58. g7 Rxh7 59. g8=Q
Rh3+ 60. Kxh3 Kd7 61. Qf8 Kc7 62. Qd6+ Kc8 63. Rb8# {Hossa checkmated} 1-0

[Event "ICS rated blitz match"]
[Site "204.178.125.65"]
[Date "2000.07.18"]
[Round "?"]
[White "Hossa"]
[Black "gitar"]
[Result "1-0"]
[WhiteElo "2512"]
[BlackElo "1792"]
[PlyCount "35"]
[EventDate "2000.??.??"]

1. e4 g6 2. Nf3 Bg7 3. d4 d6 4. c3 Nd7 5. Bd3 c5 6. O-O Qb6 7. Na3 Ngf6 8. e5
dxe5 9. Nc4 Qc7 10. dxe5 Ng4 11. e6 fxe6 12. Qe2 Qc6 13. Ng5 O-O 14. Qxg4 Nf6
15. Qh4 h6 16. Nf3 Kh7 17. Bxg6+ Kh8 18. Bxh6 {gitar resigns} 1-0

[Event "ICS Rated blitz match"]
[Site "204.178.125.65"]
[Date "2000.07.18"]
[Round "?"]
[White "Robespierre"]
[Black "Hossa"]
[Result "0-1"]
[WhiteElo "2072"]
[BlackElo "2512"]
[PlyCount "32"]
[EventDate "2000.??.??"]

1. e4 c5 2. Nf3 e6 3. Nc3 Be7 4. d4 cxd4 5. Nxd4 d6 6. Qg4 e5 7. Bb5+ Kf8 8.
Nf5 g6 9. Nd5 gxf5 10. Qh5 fxe4 11. Bh6+ Nxh6 12. Qxh6+ Kg8 13. h4 Nc6 14.
O-O-O Nd4 15. Ba4 b5 16. c3 Nf5 {Robespierre resigns} 0-1

[Event "ICS rated standard match"]
[Site "204.178.125.65"]
[Date "2000.07.18"]
[Round "?"]
[White "Hossa"]
[Black "QueenMaxima"]
[Result "1-0"]
[WhiteElo "2340"]
[BlackElo "2321"]
[PlyCount "239"]
[EventDate "2000.??.??"]

1. e4 c5 2. Nf3 e6 3. d4 cxd4 4. Nxd4 Nc6 5. Nb5 d6 6. Bf4 e5 7. Be3 a6 8. N5c3
Nf6 9. Nd5 Nxd5 10. exd5 Ne7 11. Nc3 Nf5 12. Bd2 Qb6 13. Bd3 Nh4 14. O-O Qxb2
15. Rb1 Qa3 16. f4 Ng6 17. Qe1 Qc5+ 18. Be3 Qc7 19. f5 Ne7 20. Bb6 Qb8 21. Qh4
Bd7 22. f6 g5 23. Qxg5 Nc8 24. Bf2 h6 25. Qe3 Rg8 26. Rfe1 b6 27. Rb4 Qb7 28.
Bh7 a5 29. Rh4 Rh8 30. Bd3 Rg8 31. Qe2 Qc7 32. Rc4 Qb7 33. Re4 Qc7 34. Nb5 Qb7
35. Bg3 Rg5 36. a4 Qb8 37. Bh4 Rg8 38. Nc3 Na7 39. Ba6 Qc7 40. Rc4 Qd8 41. Rd4
Bc8 42. Bd3 Qc7 43. Rc4 Qb8 44. Rf4 Bh3 45. Bg3 Bd7 46. Rh4 Qc7 47. Rc4 Qb8 48.
Rb1 Nc8 49. Be1 Bh3 50. g3 Ra7 51. Rh4 Bd7 52. Bf2 Qb7 53. Be3 Ra8 54. Bxh6
Bxh6 55. Rxh6 Qc7 56. Rb3 Qc5+ 57. Qf2 Qxf2+ 58. Kxf2 Rb8 59. Rh7 Rf8 60. h4
Rg8 61. Rb1 Rb7 62. Rg7 Kf8 63. Rxg8+ Kxg8 64. Kf3 Rc7 65. Rb3 Kf8 66. h5 Kg8
67. h6 Be8 68. h7+ Kh8 69. Ke2 Bd7 70. Ra3 Bh3 71. Kf3 Bd7 72. g4 Na7 73. Rb3
Nc8 74. g5 Be8 75. Kf2 Rc5 76. Kg2 Rc7 77. Kg3 Rc5 78. Kh2 Rc7 79. Kg1 Rc5 80.
Kf1 Rc7 81. Ke1 Ra7 82. Rb1 Rc7 83. Kd2 Rc5 84. Rb3 Rc7 85. Rb2 Rc5 86. Ra2 Na7
87. Ra1 Nc8 88. Rf1 Rc7 89. Rh1 Na7 90. Rh4 Nc8 91. Bb5 Bxb5 92. Nxb5 Rd7 93.
c4 Na7 94. Nc3 Nc8 95. Kc2 Rc7 96. Nb5 Rd7 97. Kd1 Na7 98. Na3 Rd8 99. Kd2 Re8
100. Nc2 Rd8 101. Ne3 Nc8 102. Nf5 Rd7 103. Rh1 Rb7 104. Kc2 Rd7 105. Kb3 Rc7
106. Kc3 Rb7 107. Rh4 Rc7 108. Rh3 Rd7 109. Rh2 Rc7 110. Kd3 Rb7 111. Rh1 Rc7
112. Rh3 Rb7 113. Rh5 Rc7 114. Kc3 Rb7 115. Nh4 b5 116. axb5 Nb6 117. g6 Nxd5+
118. Kd2 Nxf6 119. g7+ Kxg7 120. h8=Q# 1-0

[Event "ICS rated blitz match"]
[Site "204.178.125.65"]
[Date "2000.07.18"]
[Round "?"]
[White "Hossa"]
[Black "platz"]
[Result "1-0"]
[WhiteElo "2514"]
[BlackElo "2249"]
[PlyCount "51"]
[EventDate "2000.??.??"]

1. e4 c5 2. Nf3 e6 3. d4 cxd4 4. Nxd4 a6 5. Bd3 Nf6 6. O-O d6 7. c4 Be7 8. Be3
O-O 9. f4 Nc6 10. Nxc6 bxc6 11. e5 Ne8 12. Qc2 f5 13. c5 dxe5 14. fxe5 Nc7 15.
Nc3 Nd5 16. Nxd5 cxd5 17. Rac1 Qc7 18. Bf4 a5 19. g4 g6 20. gxf5 gxf5 21. Kh1
Kh8 22. Rg1 Bb7 23. c6 Ba6 24. Bxa6 Rxa6 25. Qg2 Bd8 26. Bh6 {platz resigns}
1-0

[Event "ICS rated blitz match"]
[Site "204.178.125.65"]
[Date "2000.07.18"]
[Round "?"]
[White "IgorIvanov"]
[Black "Hossa"]
[Result "0-1"]
[WhiteElo "2408"]
[BlackElo "2520"]
[PlyCount "52"]
[EventDate "2000.??.??"]

1. d4 Nf6 2. c4 e6 3. Nc3 Bb4 4. Bd2 O-O 5. e3 d5 6. a3 Be7 7. Nf3 b6 8. Rc1 c5
9. cxd5 cxd4 10. Nxd4 Nxd5 11. Nxd5 Qxd5 12. Be2 e5 13. Bf3 e4 14. Be2 Rd8 15.
O-O Bb7 16. Qc2 Nd7 17. Bc4 Qg5 18. h3 Ne5 19. Rfd1 Rxd4 20. exd4 e3 21. d5
exd2 22. Ra1 Nxc4 23. Qxc4 Bxd5 24. Qg4 Qxg4 25. hxg4 Bg5 26. g3 Bf3 {
IgorIvanov resigns} 0-1

[Event "ICS rated blitz match"]
[Site "204.178.125.65"]
[Date "2000.07.18"]
[Round "?"]
[White "Hossa"]
[Black "platz"]
[Result "0-1"]
[WhiteElo "2531"]
[BlackElo "2243"]
[PlyCount "156"]
[EventDate "2000.??.??"]

1. e4 c5 2. Nf3 d6 3. d4 cxd4 4. Nxd4 Nf6 5. Nc3 a6 6. Be2 e5 7. Nb3 Be7 8. O-O
O-O 9. Kh1 Be6 10. Qd3 Nc6 11. Bg5 Qc7 12. Qd2 b5 13. Bxf6 Bxf6 14. Rad1 Nd4
15. Nxd4 exd4 16. Nd5 Bxd5 17. exd5 Rac8 18. Bd3 Qc5 19. Be4 Rfe8 20. Qd3 g6
21. f4 Rxe4 22. Qxe4 Qxc2 23. Qxc2 Rxc2 24. Kg1 Rxb2 25. Rf2 Rb4 26. Re2 Rc4
27. g4 h6 28. Rd3 Rc5 29. Ra3 Rxd5 30. Rd2 b4 31. Rxa6 d3 32. Kf2 Bc3 33. Rd1
d2 34. Ra8+ Kg7 35. Kf3 Rd3+ 36. Kf2 d5 37. Rb8 d4 38. f5 gxf5 39. gxf5 Rh3 40.
Rg1+ Kf6 41. Kg2 Re3 42. Rb6+ Ke7 43. f6+ Kd7 44. Rd1 Re1 45. Rxd2 Bxd2 46. Kf2
Re6 47. Rb7+ Kd6 48. Rxf7 Ke5 49. Ke2 Bg5 50. Rb7 Rxf6 51. Rxb4 Be3 52. Kd3 Rf2
53. Rb5+ Kf4 54. a4 Rd2+ 55. Kc4 Rc2+ 56. Kb3 Rc3+ 57. Kb4 Rc6 58. Kb3 d3 59.
a5 d2 60. Rd5 Rc5 61. Rd8 Rxa5 62. Kb2 Rc5 63. Kb3 Rc1 64. Rd7 d1=Q+ 65. Rxd1
Rxd1 66. Kc4 Ke4 67. h3 Rc1+ 68. Kb5 Kd5 69. Kb4 Bd4 70. Kb3 Rc8 71. h4 h5 72.
Kb4 Rb8+ 73. Ka5 Kc4 74. Ka6 Kc5 75. Ka7 Rb6 76. Ka8 Kc6 77. Ka7 Kc7 78. Ka8
Ra6# {Hossa checkmated} 0-1

[Event "ICS rated blitz match"]
[Site "204.178.125.65"]
[Date "2000.07.18"]
[Round "?"]
[White "Hossa"]
[Black "platz"]
[Result "0-1"]
[WhiteElo "2511"]
[BlackElo "2263"]
[PlyCount "112"]
[EventDate "2000.??.??"]

1. e4 c5 2. Nf3 d6 3. d4 Nf6 4. Nc3 cxd4 5. Nxd4 a6 6. Be2 e5 7. Nf3 h6 8. O-O
Be7 9. Be3 Be6 10. Nd5 Bxd5 11. exd5 Nbd7 12. Nh4 g6 13. c4 Ne4 14. Nf3 f5 15.
Re1 g5 16. Nd2 Nxd2 17. Bh5+ Kf8 18. Bxd2 Kg7 19. Qb3 Nc5 20. Qc2 Rf8 21. Be3
Ne4 22. Bf3 Nf6 23. Be2 f4 24. Bd2 Qd7 25. Bd3 b6 26. Bf5 Qe8 27. Be6 Qh5 28.
Rab1 g4 29. Qb3 f3 30. Qxb6 Rab8 31. Qxa6 fxg2 32. Kxg2 Qh3+ 33. Kg1 Nh5 34.
Qa7 Rbe8 35. Qd7 Rxf2 36. Qxe7+ Rxe7 37. Bxh6+ Kxh6 38. Kxf2 Qf3+ 39. Kg1 g3
40. Rf1 gxh2+ 41. Kxh2 Qg3+ 42. Kh1 Nf4 43. Rxf4 exf4 44. Rg1 Qh4+ 45. Kg2 Rg7+
46. Kf1 Rxg1+ 47. Kxg1 Qg3+ 48. Kf1 f3 49. Bh3 Qxh3+ 50. Kf2 Qg2+ 51. Ke3 f2
52. Kd4 f1=Q 53. Kc3 Qc1+ 54. Kb4 Qgxb2+ 55. Ka5 Qxc4 56. a3 Qcb5# {
Hossa checkmated} 0-1

[Event "ICS rated blitz match"]
[Site "204.178.125.65"]
[Date "2000.07.18"]
[Round "?"]
[White "Hossa"]
[Black "asiota"]
[Result "1-0"]
[WhiteElo "2490"]
[BlackElo "2196"]
[PlyCount "57"]
[EventDate "2000.??.??"]

1. e4 e6 2. d4 d5 3. Nd2 Nf6 4. e5 Nfd7 5. Ngf3 c5 6. c3 Nc6 7. Be2 cxd4 8.
cxd4 Qb6 9. Nb1 f6 10. exf6 Nxf6 11. O-O Bd6 12. Nc3 O-O 13. Nb5 Bb8 14. Qa4 a6
15. h3 Bd7 16. Nc3 Ne4 17. Qd1 Qc7 18. Re1 Qd6 19. Be3 Be8 20. Rc1 Bh5 21. Kf1
Bc7 22. Nxe4 dxe4 23. Ng5 Bg6 24. Nxe6 Qh2 25. Bg4 Bg3 26. Nxf8 Rxf8 27. Qb3+
Kh8 28. Qxb7 Qxg2+ 29. Kxg2 {asiota resigns} 1-0

[Event "ICS rated standard match"]
[Site "204.178.125.65"]
[Date "2000.07.18"]
[Round "?"]
[White "OscarLPithecus"]
[Black "Hossa"]
[Result "0-1"]
[WhiteElo "1928"]
[BlackElo "2355"]
[PlyCount "33"]
[EventDate "2000.??.??"]

1. e4 e5 2. Nf3 Nc6 3. Bc4 Nf6 4. d3 Bc5 5. O-O d6 6. Re1 Ng4 7. Re2 Na5 8.
Bb5+ c6 9. Ba4 b5 10. c3 bxa4 11. Qxa4 Ba6 12. b4 Bxd3 13. Rd2 Bxf2+ 14. Kh1
Bb5 15. Qxa5 Qxa5 16. bxa5 Be3 17. Rd1 0-1

[Event "ICS rated blitz match"]
[Site "204.178.125.65"]
[Date "2000.07.18"]
[Round "?"]
[White "trinity"]
[Black "Hossa"]
[Result "0-1"]
[WhiteElo "2167"]
[BlackElo "2503"]
[PlyCount "76"]
[EventDate "2000.??.??"]

1. e4 e5 2. Nf3 Nc6 3. Bb5 a6 4. Bxc6 dxc6 5. O-O f6 6. d4 exd4 7. Nxd4 c5 8.
Ne2 Qxd1 9. Rxd1 Bd7 10. Nbc3 O-O-O 11. Be3 g5 12. Rd5 Bd6 13. Bxc5 Ne7 14.
Bxd6 Nxd5 15. Nxd5 cxd6 16. Nxf6 Rdf8 17. Nd5 Be6 18. Nec3 Bxd5 19. Nxd5 g4 20.
Rd1 Rf7 21. Ne3 Rhf8 22. Nf5 Kc7 23. f3 Rd7 24. fxg4 b5 25. Kf2 Rg7 26. Kf3
Rgf7 27. Kf4 Rg7 28. h4 Rg6 29. g5 Re6 30. g4 Rfe8 31. Rd4 Rf8 32. h5 Rc8 33.
Nh4 Rf8+ 34. Ke3 Rf1 35. g6 hxg6 36. Nxg6 Ref6 37. Rd5 R6f3+ 38. Kd4 Rd1# {
trinity checkmated} 0-1

[Event "ICS rated blitz match"]
[Site "204.178.125.65"]
[Date "2000.07.18"]
[Round "?"]
[White "Hossa"]
[Black "trinity"]
[Result "1/2-1/2"]
[WhiteElo "2507"]
[BlackElo "2163"]
[PlyCount "101"]
[EventDate "2000.??.??"]

1. e4 b6 2. d4 Bb7 3. Nc3 e6 4. Bd3 Nf6 5. Nf3 Bb4 6. e5 Ne4 7. Bxe4 Bxe4 8.
O-O Bg6 9. d5 Bxc3 10. bxc3 exd5 11. Qxd5 Nc6 12. Ba3 Bxc2 13. Rfc1 Bf5 14. Qc4
Be6 15. Qe4 h6 16. Nd4 Nxd4 17. cxd4 c6 18. f4 f5 19. Qd3 Qh4 20. Rf1 g5 21.
Bd6 Rg8 22. fxg5 hxg5 23. Rf3 g4 24. Rf4 Rh8 25. Qg3 Qxg3 26. hxg3 Rh5 27. Kf2
Kf7 28. Ke3 Rah8 29. Kd3 Bd5 30. Rf2 Ke6 31. Kc3 Be4 32. a4 Rh2 33. Rg1 Kd5 34.
Ra2 a6 35. Rb2 b5 36. a5 R8h7 37. Rd2 Rf7 38. Rf2 Rfh7 39. Rd2 Rf7 40. Rf2 Rfh7
41. Rd2 Rf7 42. Rf2 Rfh7 43. Rd2 Rf7 44. Rf2 Rfh7 45. Rd2 Rf7 46. Rf2 Rfh7 47.
Rd2 Rf7 48. Rf2 Rfh7 49. Rd2 Rf7 50. Rf2 Rfh7 51. Rd2 1/2-1/2